|
|
|
|
| LEADER |
01504nam a2200325 a 4500 |
| 001 |
2253299 |
| 008 |
090908s1976 fr b i000 0 eng d |
| 010 |
|
|
|a \\\77366131
|
| 020 |
|
|
|a 9231013742
|
| 040 |
|
|
|a DLC
|c DLC
|d DLC
|
| 082 |
0 |
0 |
|a 507/.12/5493
|2 18
|
| 100 |
1 |
|
|a Ranaweera, A. M.
|
| 245 |
0 |
0 |
|a Integrated science in the junior secondary school in Sri Lanka /
|c by A.M. Ranaweera.
|
| 260 |
|
|
|a Paris :
|b Unesco Press,
|c 1976.
|
| 300 |
|
|
|a 31 p. ;
|c 21 cm.
|
| 490 |
1 |
|
|a Experiments and innovations in education ;
|v no. 27.
|a Asian series
|
| 500 |
|
|
|a At head of title: An International Bureau of Education series.
|
| 500 |
|
|
|a "Study prepared for the Asian Centre of Educational Innovation for Development."
|
| 504 |
|
|
|a Includes bibliographical references.
|
| 541 |
1 |
|
|e 00000915
|
| 650 |
|
0 |
|a Science
|x Study and teaching (Secondary)
|z Sri Lanka.
|
| 650 |
|
0 |
|a Interdisciplinary approach in education
|z Sri Lanka.
|
| 650 |
|
0 |
|a Curriculum planning
|z Sri Lanka.
|
| 710 |
2 |
|
|a International Bureau of Education.
|
| 710 |
2 |
|
|a Asian Centre of Educational Innovation for Development.
|
| 830 |
|
0 |
|a Experiments and innovations in education ;
|v no. 27.
|
| 830 |
|
0 |
|a Experiments and innovations in education.
|p Asian series.
|
| 852 |
4 |
|
|a Ayesha Abed Library
|j General shelf
|
| 999 |
|
|
|c 3876
|d 3876
|
| 952 |
|
|
|0 0
|1 0
|2 ddc
|4 0
|6 507_125493000000000_RAN_1976
|7 0
|9 3527
|a BRACUL
|b BRACUL
|c GEN
|d 2009-09-13
|g 0.00
|l 0
|o 507.125493 RAN
|p 3010000915
|r 2009-09-13
|t 1
|w 2009-09-13
|y BK
|x No price found in the accession register.
|